Nezamestnanosť mladých a prístupy hospodárskej politiky k jej riešeniu na Slovensku bakalárska práca

Na minha lista:
Detalhes bibliográficos
Autor principal: Mikulášová, Veronika
Autor Corporativo: Národohospodárska fakulta EU. Katedra hospodárskej politiky
Outros Autores: Morvay, Karol, 1973-
Formato: Livro
Idioma:eslovaco
Publicado em: Bratislava 2017
Tags: Adicionar Tag
Sem tags, seja o primeiro a adicionar uma tag!

MARC

LEADER 00000nbm a2200000 4500
001 0233676
005 20170801092553.0
041 0 |a slo 
044 |a SK 
245 1 0 |a Nezamestnanosť mladých a prístupy hospodárskej politiky k jej riešeniu na Slovensku  |b bakalárska práca  |c Veronika Mikulášová ; školiteľ: Karol Morvay 
264 1 |a Bratislava  |c 2017 
300 |a 52 s. 
100 1 |a Mikulášová, Veronika 
700 1 |a Morvay, Karol, 1973- 
710 2 |a Národohospodárska fakulta EU. Katedra hospodárskej politiky